The Cambridge companion to cricket / (Record no. 78134)

MARC details
000 -LEADER
fixed length control field 00639nam a22002057a 4500
005 - DATE AND TIME OF LATEST TRANSACTION
control field 20130812114002.0
010 ## - LCCN (DPL NO)
LC control number ENG-108164
020 ## - INTERNATIONAL STANDARD BOOK NUMBER
International Standard Book Number 9781107601949
Terms of availability 395.00
035 ## - SYSTEM CONTROL NUMBER
System control number EN-91697
037 ## - SOURCE OF ACQUISITION
Source of stock number/acquisition DBAD/PUB
082 ## - DEWEY DECIMAL CLASSIFICATION NUMBER
Classification number 796.358
245 10 - TITLE STATEMENT
Title The Cambridge companion to cricket /
Statement of responsibility, etc edited by Anthony Bateman [and] Jeffrey Hill
260 ## - PUBLICATION, DISTRIBUTION, ETC. (IMPRINT)
Place of publication, distribution, etc New Delhi
Name of publisher, distributor, etc Cambridge University Press
Date of publication, distribution, etc 2011
270 ## - ADDRESS
Address 4381/4, Ansari Road, Daryaganj
City New Delhi
Postal code 110002
300 ## - PHYSICAL DESCRIPTION
Extent xxvi,282p.
Dimensions 23cm(pbk)
500 ## - GENERAL NOTE
General note Includes index
700 ## - ADDED ENTRY--PERSONAL NAME
Personal name Bateman, Anthony
700 ## - ADDED ENTRY--PERSONAL NAME
Personal name Hill, Jeffrey
942 ## - ADDED ENTRY ELEMENTS (KOHA)
Source of classification or shelving scheme Dewey Decimal Classification
Item type English Books
Call number suffix CAM
Classification part 796.358
Holdings
Withdrawn status Lost status Not for loan Collection code Home library Current library Date acquired Source of acquisition Cost, normal purchase price Full call number Barcode Copy number Cost, replacement price Koha item type
    Not For Loan Non-fiction D.B.Act.Division D.B.Act.Division 29/07/2013 DBAD/PUB 395.00 796.358 CAM EN-91697 1 395.00 English Books

© Delhi Public Library
Hit Counter
free hit counter